<?xml version="1.0" encoding="UTF-8"?><?xml-stylesheet type="text/xsl" href="static/style.xsl"?><OAI-PMH xmlns="http://www.openarchives.org/OAI/2.0/" xmlns:xsi="http://www.w3.org/2001/XMLSchema-instance" xsi:schemaLocation="http://www.openarchives.org/OAI/2.0/ http://www.openarchives.org/OAI/2.0/OAI-PMH.xsd"><responseDate>2026-04-18T13:07:18Z</responseDate><request verb="GetRecord" identifier="oai:riubu.ubu.es:10259/10622" metadataPrefix="marc">https://riubu.ubu.es/oai/request</request><GetRecord><record><header><identifier>oai:riubu.ubu.es:10259/10622</identifier><datestamp>2025-06-27T11:04:49Z</datestamp><setSpec>com_10259.4_2520</setSpec><setSpec>com_10259_5086</setSpec><setSpec>com_10259_2604</setSpec><setSpec>com_10259_4313</setSpec><setSpec>col_10259_9393</setSpec><setSpec>col_10259_6735</setSpec><setSpec>col_10259_5684</setSpec></header><metadata><record xmlns="http://www.loc.gov/MARC21/slim" xmlns:doc="http://www.lyncode.com/xoai" xmlns:xsi="http://www.w3.org/2001/XMLSchema-instance" xmlns:dcterms="http://purl.org/dc/terms/" xsi:schemaLocation="http://www.loc.gov/MARC21/slim http://www.loc.gov/standards/marcxml/schema/MARC21slim.xsd">
<leader>00925njm 22002777a 4500</leader>
<datafield tag="042" ind1=" " ind2=" ">
<subfield code="a">dc</subfield>
</datafield>
<datafield tag="720" ind1=" " ind2=" ">
<subfield code="a">Gaona Ruiz, María</subfield>
<subfield code="e">author</subfield>
</datafield>
<datafield tag="720" ind1=" " ind2=" ">
<subfield code="a">Vallejos Calzada, Saúl</subfield>
<subfield code="e">author</subfield>
</datafield>
<datafield tag="720" ind1=" " ind2=" ">
<subfield code="a">Rodríguez Velasco, Ana</subfield>
<subfield code="e">author</subfield>
</datafield>
<datafield tag="720" ind1=" " ind2=" ">
<subfield code="a">Trigo López, Miriam</subfield>
<subfield code="e">author</subfield>
</datafield>
<datafield tag="720" ind1=" " ind2=" ">
<subfield code="a">Carrillo Pérez, Celia</subfield>
<subfield code="e">author</subfield>
</datafield>
<datafield tag="260" ind1=" " ind2=" ">
<subfield code="c">2025-06-24</subfield>
</datafield>
<datafield tag="520" ind1=" " ind2=" ">
<subfield code="a">The dataset contains all raw data of the work "Fast-Track Analysis of Beetroot Using the Liquid Generated During the Cooking Process"</subfield>
</datafield>
<datafield tag="024" ind2=" " ind1="8">
<subfield code="a">María Gaona, Vallejos, S., Rodríguez Velasco, A., Trigo López, M., &amp; Carrillo, C. (2025). Dataset of the work "UBU-Polymers Research Group 02062025" [Data set]. Universidad de Burgos. https://doi.org/10.71486/G1YH-KD89</subfield>
</datafield>
<datafield tag="024" ind2=" " ind1="8">
<subfield code="a">https://hdl.handle.net/10259/10622</subfield>
</datafield>
<datafield tag="024" ind2=" " ind1="8">
<subfield code="a">10.71486/g1yh-kd89</subfield>
</datafield>
<datafield ind1=" " ind2=" " tag="653">
<subfield code="a">Ready-to-eat cooked beetroot</subfield>
</datafield>
<datafield ind1=" " ind2=" " tag="653">
<subfield code="a">Beetroot liquid</subfield>
</datafield>
<datafield ind1=" " ind2=" " tag="653">
<subfield code="a">Betalains</subfield>
</datafield>
<datafield ind1=" " ind2=" " tag="653">
<subfield code="a">Polyphenols</subfield>
</datafield>
<datafield ind1=" " ind2=" " tag="653">
<subfield code="a">Total antioxidant capacity</subfield>
</datafield>
<datafield tag="245" ind1="0" ind2="0">
<subfield code="a">Dataset of the work "UBU-Polymers Research Group 02062025"</subfield>
</datafield>
</record></metadata></record></GetRecord></OAI-PMH>